| 000 | 00879nam a2200193 a 4500 | ||
|---|---|---|---|
| 008 | 120416s1954 ||||||||||||||||| || u | ||
| 050 | _aTH 5501 Dal | ||
| 100 | _aDalzell, James Ralph | ||
| 245 | 1 | 0 | _aBricklaying |
| 246 | _askill and practice | ||
| 250 | _a2nd ed. | ||
| 260 |
_aChicago _bAmerican Technical Society _c1954 |
||
| 300 | _avii, 195p. : ill. | ||
| 350 | _a0.00 | ||
| 700 | _aBurke, Arthur E | ||
| 995 |
_aANNEX COLLECTION (Main Library) _D0.00 _e715017 _FCBU-MAIN LIBRARY (Kitwe) _H2 _I2.50 _jTH 5501 Dal _UAVAILABLE _y015385 _ZAnnex Low-Usage Collection |
||
| 995 |
_aANNEX COLLECTION (Main Library) _D0.00 _e715019 _FCBU-MAIN LIBRARY (Kitwe) _H1 _I2.50 _jTH 5501 Dal _UAVAILABLE _y015384 _ZAnnex Low-Usage Collection |
||
| 995 |
_aANNEX COLLECTION (Main Library) _D0.00 _e715018 _FCBU-MAIN LIBRARY (Kitwe) _H3 _I2.50 _jTH 5501 Dal _UAVAILABLE _y015386 _ZAnnex Low-Usage Collection |
||
| 999 |
_c84724 _d84724 |
||